000 00406pab a2200169 454500
008 180718b2017 xxu||||| |||| 00| 0 eng d
100 _aSantosh Kumar
245 _aTechnology: empowering the rural society
260 _c2017
300 _ap.54-55.
362 _aAug
650 _aRural sociology
650 _aRural development
650 _aTechnology
773 _aKurukshetra
909 _a115957
999 _c115951
_d115951